Online Catalogue and eLibrary

An introduction to language and society / (Record no. 306)

MARC details
000 -LEADER
fixed length control field 00643pam a2200217 a 4500
001 - CONTROL NUMBER
control field 4450461
005 - DATE AND TIME OF LATEST TRANSACTION
control field 20240206045400.0
008 - FIXED-LENGTH DATA ELEMENTS--GENERAL INFORMATION
fixed length control field 950217s1995 enka b 001 0 eng
020 ## - INTERNATIONAL STANDARD BOOK NUMBER
ISBN 0415072387 (pbk.)
040 ## - CATALOGING SOURCE (பட்டியலாக்க மூலம்)
Original cataloging agency DLC
Transcribing agency DLC
Modifying agency DLC
082 00 - DDC Classification
Class No. 306.44
DDC Edition Number 20
Item Number - Author Mark MAR.
100 1# - MAIN ENTRY--PERSONAL NAME
Personal name Montgomery, Martin.
245 13 - TITLE STATEMENT
Title An introduction to language and society /
Statement of responsibility, etc. Martin Montgomery.
250 ## - EDITION STATEMENT
Edition statement 2nd ed.
260 ## - PUBLICATION, DISTRIBUTION, ETC.
Place of publication, distribution, etc. London ;
-- New York :
Name of publisher, distributor, etc. Routledge,
Date of publication, distribution, etc. 1995.
300 ## - PHYSICAL DESCRIPTION
Extent (e.g. Volumes, Pages etc.) xxix, 272 p. :
650 #0 - SUBJECT ADDED ENTRY--TOPICAL TERM
Topical term or geographic name entry element Sociolinguistics.
650 #0 - SUBJECT ADDED ENTRY--TOPICAL TERM
Topical term or geographic name entry element Language acquisition.
856 42 - ELECTRONIC LOCATION AND ACCESS
Uniform Resource Identifier <a href="http://www.loc.gov/catdir/enhancements/fy0648/95007513-d.html">http://www.loc.gov/catdir/enhancements/fy0648/95007513-d.html</a>
942 ## - Koha item type (Biblio)
Koha item type Books in Stacks (Lending)
Holdings
Lost status Damaged status Collection code Home library Current library Date acquired Full call number Accession Number Item type
    Lending WERC Library WERC Library 02/06/2024 306.44 MAR. 2428 Books in Stacks (Lending)

© WERC Library